00382 a2200145 450000100060000002000150000608200130002110000230003424500580005725000060011526000510012130000260017250000210019850500170021981582 a0029776503 a519 5WAL aWalpole, Ronald E. aIntroduction to statistics, 3rd EdcRonald E. Walpole a3 aNew YorkbMacmillan Publishing, New Yorkc1982 axv, 521 p.bphotocopy aDOS BS Textbooks aGifted Books